MARC details
| 000 -LEADER |
| fixed length control field |
01255cam a2200505 4500 |
| 001 - CONTROL NUMBER |
| control field |
ABS66788 |
| 008 - FIXED-LENGTH DATA ELEMENTS--GENERAL INFORMATION |
| fixed length control field |
030714n2003 000 0 eng u |
| 035 ## - SYSTEM CONTROL NUMBER |
| System control number |
(Sirsi) u122978 |
| 245 ## - TITLE STATEMENT |
| Title |
Regional survey: Scotland |
| 260 ## - PUBLICATION, DISTRIBUTION, ETC. |
| Date of publication, distribution, etc. |
2003 |
| 490 ## - SERIES STATEMENT |
| Series statement |
Property Week |
| Volume/sequential designation |
68(21) 30 May 2003, 49-84(12) |
| 590 ## - LOCAL NOTE (RLIN) |
| Local note |
ABS |
| 650 ## - SUBJECT ADDED ENTRY--TOPICAL TERM |
| Topical term or geographic name entry element |
GLASGOW |
| 650 ## - SUBJECT ADDED ENTRY--TOPICAL TERM |
| Topical term or geographic name entry element |
SCOTLAND |
| 650 ## - SUBJECT ADDED ENTRY--TOPICAL TERM |
| Topical term or geographic name entry element |
EDINBURGH |
| 650 ## - SUBJECT ADDED ENTRY--TOPICAL TERM |
| Topical term or geographic name entry element |
ABERDEEN |
| 650 ## - SUBJECT ADDED ENTRY--TOPICAL TERM |
| Topical term or geographic name entry element |
PAISLEY |
| 650 ## - SUBJECT ADDED ENTRY--TOPICAL TERM |
| Topical term or geographic name entry element |
EAST KILBRIDE |
| 650 ## - SUBJECT ADDED ENTRY--TOPICAL TERM |
| Topical term or geographic name entry element |
LIVINGSTONE |
| 650 ## - SUBJECT ADDED ENTRY--TOPICAL TERM |
| Topical term or geographic name entry element |
CUMBERNAULD |
| 650 ## - SUBJECT ADDED ENTRY--TOPICAL TERM |
| Topical term or geographic name entry element |
HAMILTON |
| 650 ## - SUBJECT ADDED ENTRY--TOPICAL TERM |
| Topical term or geographic name entry element |
KIRKCALDY |
| 650 ## - SUBJECT ADDED ENTRY--TOPICAL TERM |
| Topical term or geographic name entry element |
AYR |
| 650 ## - SUBJECT ADDED ENTRY--TOPICAL TERM |
| Topical term or geographic name entry element |
GREENOCK |
| 650 ## - SUBJECT ADDED ENTRY--TOPICAL TERM |
| Topical term or geographic name entry element |
KILMARNOCK |
| 650 ## - SUBJECT ADDED ENTRY--TOPICAL TERM |
| Topical term or geographic name entry element |
PERTH |
| 650 ## - SUBJECT ADDED ENTRY--TOPICAL TERM |
| Topical term or geographic name entry element |
COATBRIDGE |
| 650 ## - SUBJECT ADDED ENTRY--TOPICAL TERM |
| Topical term or geographic name entry element |
INVERNESS |
| 650 ## - SUBJECT ADDED ENTRY--TOPICAL TERM |
| Topical term or geographic name entry element |
DUNFIRMLINE |
| 650 ## - SUBJECT ADDED ENTRY--TOPICAL TERM |
| Topical term or geographic name entry element |
GLENROTHES |
| 650 ## - SUBJECT ADDED ENTRY--TOPICAL TERM |
| Topical term or geographic name entry element |
AIRDRIE |
| 650 ## - SUBJECT ADDED ENTRY--TOPICAL TERM |
| Topical term or geographic name entry element |
IRVINE |
| 650 ## - SUBJECT ADDED ENTRY--TOPICAL TERM |
| Topical term or geographic name entry element |
STIRLING |
| 650 ## - SUBJECT ADDED ENTRY--TOPICAL TERM |
| Topical term or geographic name entry element |
FALKIRK |
| 650 ## - SUBJECT ADDED ENTRY--TOPICAL TERM |
| Topical term or geographic name entry element |
DUMFRIES |
| 650 ## - SUBJECT ADDED ENTRY--TOPICAL TERM |
| Topical term or geographic name entry element |
MOTHERWELL |
| 650 ## - SUBJECT ADDED ENTRY--TOPICAL TERM |
| Topical term or geographic name entry element |
PROPERTY-COMMERCIAL PROPERTY-OFFICE PROPERTY-OFFICE PROPERTY MARKET |
| 650 ## - SUBJECT ADDED ENTRY--TOPICAL TERM |
| Topical term or geographic name entry element |
INDUSTRIAL MARKET |
| 650 ## - SUBJECT ADDED ENTRY--TOPICAL TERM |
| Topical term or geographic name entry element |
DECENTRALISATION |
| 650 ## - SUBJECT ADDED ENTRY--TOPICAL TERM |
| Topical term or geographic name entry element |
SCOTTISH EXECUTIVE |
| 650 ## - SUBJECT ADDED ENTRY--TOPICAL TERM |
| Topical term or geographic name entry element |
PROPERTY LENDING |
| 650 ## - SUBJECT ADDED ENTRY--TOPICAL TERM |
| Topical term or geographic name entry element |
RENTAL VALUES |
| 690 ## - LOCAL SUBJECT ADDED ENTRY--TOPICAL TERM (OCLC, RLIN) |
| Topical term or geographic name as entry element |
PROPERTY-COMMERCIAL PROPERTY-COMMERCIAL PROPERTY MARKET |
| 942 ## - ADDED ENTRY ELEMENTS (KOHA) |
| Suppress in OPAC |
0 |